00545nmm a2200181Ia 4500008004100000041000800041100002300049245006000072264003900132300001800171490002600189650002700215700002300242700002300265856005100288942000700339999001700346251105s9999||||xx |||||||||||||||||und|| aspa aLapavitsas, Costas 0aContra la troika :b Crisis y austeridad en la eurozona a[Madrid, España] :bAkal, c2015 a168 páginas aPensamiento crítico aEconomics and Business aLapavitsas, Costas1 a Flassbeck, Heiner uhttps://public.digitaliapublishing.com/a/39763 cCF c67654d67654